Music Quiz

Random Music Quiz

A Music Moustache Photo Quiz Stats

 Plays Quiz not verified by Sporcle

Support Sporcle.
Go Orange.
Score 0/15 Timer 06:00
0 Plays Today
Photo Answer % Correct
Photo 1Freddie Mercury
91.3%
Photo 15Prince
88.1%
Photo 11Lionel Richie
82.2%
Photo 14Ringo Starr
78.5%
Photo 3Lemmy Kilmister
64.8%
Photo 7Phil Lynott
58.4%
Photo 4Sammy Davis Jr
57.1%
Photo 8Frank Zappa
53.9%
Photo Answer % Correct
Photo 13Nick Cave
53.9%
Photo 6James Hetfield
46.1%
Photo 12John Oates
28.8%
Photo 5Carlos Santana
26.5%
Photo 10David Crosby
24.2%
Photo 9Derek Smalls
21.9%
Photo 2Brandon Flowers
21%

You're not logged in!

Compare scores with friends on all Sporcle quizzes.
OR
Log In

From the Vault

57 'S' Movies

by DarkPhalanx

We're always concerned about 'S' quizzes, because we're really scared of snakes.
Remove Ads.
Support Sporcle.
Get the best of Sporcle when you Go Orange. This ad-free experience offers more features, more stats, and more fun while also helping to support Sporcle. Thank you for becoming a member.

Show Comments

Extras

Created Nov 23, 2014ReportNominate
Tags:moustache

Top Quizzes Today


Score Distribution

Your Account Isn't Verified!

In order to create a playlist on Sporcle, you need to verify the email address you used during registration. Go to your Sporcle Settings to finish the process.

Report this User

Report this user for behavior that violates our Community Guidelines.

Details: